Rozpoznaj piłkarza po obrazku - Statystyki

Ogólne statystyki
  • Ten quiz został rozwiązany 83 razy
    76 od ostatniego zresetowania
  • Średni wynik to 7 z 8
Statystyki odpowiedzi
Obrazkowy Odpowiedź % Poprawnych
Lewandowski
99%
Neymar
97%
Kane
96%
Mbappe
96%
Messi
96%
Ronaldo
96%
Sigma Modrić
96%
Immobile
61%
Nie znaleziono quizów pasujących do podanych kryteriów
Rozkład punktacji
Procent ludzi z każdym wynikiem
Percentyl według liczby udzielonych odpowiedzi
Twoja historia wyników
Nie rozwiązałeś tego quizu od ostatniego zresetowania